الشكر : (رقم التسجيلة. 230048)
[ عرض عادي ]
| 000 -الفاتح | |
|---|---|
| عناصر البيانات ثابتة الطول | 00851cam a2200217 i 4500 |
| 005 - تاريخ ووقت آخر معاملة | |
| حقل ضبط | 20251207105102.0 |
| 008 - عناصر البيانات ثابتة الطول | |
| عناصر البيانات ثابتة الطول | 250721s2000 ua gr 000 0 ara d |
| 082 14 - رقم تصنيف ديوي العشري | |
| رقم التصنيف | 214.61 |
| رقم المادة | ن و ر |
| 100 1# - مدخل رئيسي – اسم شخصي | |
| الاسم الشخصي | النورسي، سعيد |
| علاقة الشخص بالعمل/ دوره | مؤلف. |
| 245 10 - بيان العنوان | |
| العنوان | الشكر : |
| بقية العنوان | ثمرة الحياة و غاية الكائنات / |
| بيان المسؤولية | بديع الزمان سعيد النورسي ؛ ترجمه احسان قاسم الصالحي. |
| 250 ## - بيان الطبعة | |
| بيان الطبعة | الطبعه الثالثة. |
| 264 31 - بيانات النشر، التوزيع…إلخ | |
| مكان النشر، التوزيع...إلخ | القاهرة : |
| اسم الناشر، الموزع...إلخ | شركة سوزلر للنشر، |
| تاريخ النشر، التوزيع...إلخ | 2000. |
| 300 ## - الوصف المادي | |
| عدد الوحدات المكونة للوعاء | 94 صفحه. |
| 490 0# - بيان السلسلة | |
| عنوان السلسلة | من كليات رسائل النور |
| رقم الوعاء في السلسلة | 7 |
| 650 17 - مدخل إضافي بالموضوع - مصطلح موضوعي | |
| مصطلح موضوعي أو اسم جغرافي كعنصر مدخل | الإيمان. |
| 650 17 - مدخل إضافي بالموضوع - مصطلح موضوعي | |
| مصطلح موضوعي أو اسم جغرافي كعنصر مدخل | الشكر. |
| 700 1# - مدخل إضافي - اسم شخصي | |
| الاسم الشخصي | الصالحي، إحسان قاسم |
| علاقة الشخص بالعمل/ دوره | مترجم |
| 830 #0 - مدخل إضافي بالسلسلة-عنوان مقنن | |
| عنوان السلسسلة | من كليات رسائل النور |
| 942 ## - بيانات إضافية (كوها) | |
| نوع التنصيف | Dewey Decimal Classification |
| نوع المادة (كوها) | كتب |
| حالة السحب | حالة الفقدان | مصدر التصنيف | حالة التلف | غير قابل للإعارة | المكتبة الرئيسية | المكتبة الحالية | موقع الرف | تاريخ التزويد | العملة | الرقم المتسلسل | Total Checkouts | رقم الإستدعاء | الباركود | تاريخ آخر ظهور | تاريخ الفاتورة | نوع المادة (كوها) |
|---|---|---|---|---|---|---|---|---|---|---|---|---|---|---|---|---|
| Dewey Decimal Classification | المكتبة المركزية | المكتبة المركزية | الإعارة | 07/12/2025 | JOD | 1441048 | 214.61 ن و ر | PLD1441048 | 07/12/2025 | 07/12/2025 | كتب |